DuckTales Characters - Statistics

General Stats
  • This quiz has been taken 200 times
  • The average score is 14 of 40
Answer Stats
Hint Answer % Correct
Hero Scrooge McDuck
94%
Hero Hubert (Huey) Duck
88%
Hero Louis (Louie) Duck
88%
Hero Deuteronomy (Dewey) Duck
86%
Hero Webby Vanderquack
73%
Hero Donald Duck
68%
Hero Launchpad McQuack
66%
Villain Magica De Spell
60%
Hero Betina Beakley
46%
Villain BigTime Beagle
43%
Villain Burger Beagle
42%
Villain Babyface Beagle
40%
Villain Bouncer Beagle
40%
Villain Backwoods Beagle
38%
Villain Bacon Beagle
38%
Villain Baggy Beagle
38%
Villain Bankjob Beagle
38%
Villain Bebop/Bugle Beagle
38%
Villain Binky Beagle
38%
Villain Bomber Beagle
38%
Villain Bombshell Beagle
38%
Villain Bullseye Beagle
38%
Villain MegaByte Beagle
38%
Hero Gyro Gearloose
37%
Villain Baritone Beagle
36%
Villain Flintheart Glomgold
35%
Hero Fenton Crackshell
34%
Villain Ma Beagle
32%
Hero Doofus Drake
13%
Hero Glittering Goldie
9%
Hero Bubba the Cave Duck
8%
Villain Poe De Spell
7%
Hero Ducksworth
6%
Villain El Capitan
6%
Other Pete
3%
Villain Phantom Blot
2%
Villain Fritter O'Way
1%
Villain Millionara Vanderbucks
1%
Villain Argus McSwine
0%
Villain Lawrence Loudmouth
0%
No matching quizzes found
Score Distribution
Percent of People with Each Score
Percentile by Number Answered
Your Score History
You have not taken this quiz